000
00300nam a22001337a 4500
008
181105b xxu||||| |||| 00| 0 eng d
020
_a
9780312637989
041
_a
eng
080
_2
9th
_a
371
100
_a
46
101
_a
EDU
245
_a
Your College Experience
_c
Gardner,J.N
942
_2
udc
_c
BK
999
_c
51784
_d
51784